Del método cartesiano : (Record no. 214100)

MARC details
000 -CABECERA
campo de control de longitud fija 01509nab a2200217 ab4500
005 - FECHA Y HORA DE LA ÚLTIMA TRANSACCIÓN
campo de control 20250917142356.0
008 - ELEMENTOS DE LONGITUD FIJA--INFORMACIÓN GENERAL
campo de control de longitud fija 250917c2025 ck fr p o ||| 00| 0 spa d
040 ## - FUENTE DE LA CATALOGACIÓN
Centro catalogador/agencia de origen MX-MxUPN
Lengua de catalogación spa
Centro/agencia transcriptor MX-MxUPN
Normas de descripción aacr2
100 1# - ASIENTO PRINCIPAL--NOMBRE PERSONAL
Nombre de persona Castaño Suárez, Marisol
9 (RLIN) 57832
245 10 - MENCIÓN DE TÍTULO
Título Del método cartesiano :
Resto del título del pensamiento complejo al sistémico. Hacia una perspectiva psicosocial
Medio [recurso electrónico en línea]
506 0# - NOTA DE RESTRICCIONES AL ACCESO
Limitaciones de acceso Acceso abierto
520 3# - NOTA DE RESUMEN, ETC.
Sumario, etc. El presente ejercicio académico, propende por investigar el pensamiento del filósofo francés Edgar Morin, en referencia al concepto de: “pensamiento complejo-sistémico”, teniendo como hilo conductor tres momentos fundamentales, pensamiento complejo, sistémico y la idealidad científica. Recurriendo a otras obras del mismo autor e interpretadores del mismo se empleó la metodología interpretativa y deconstructiva. El estudio fue exploratorio y descriptivo y permite un acercamiento a mi propuesta de tesis Doctoral, específicamente a lo psicosocial desde el pensamiento complejo. Poiesis.
650 #4 - ASIENTO SECUNDARIO DE MATERIA - TERMINO TEMATICO
Término de materia o nombre geográfico como elemento de entrada Psicología social
9 (RLIN) 5889
653 ## - TERMINO DE INDIZACION - NO CONTROLADO
Término no controlado Método cartesiano
653 ## - TERMINO DE INDIZACION - NO CONTROLADO
Término no controlado Pensamiento complejo
773 ## - ENLACE AL DOCUMENTO FUENTE/ENTRADA DE REGISTRO ANFITRIÓN
Parte(s) relacionada(s) No. 48 (2025), p. 30-41
Título Poiesis : revista electrónica de psicología social
Número Internacional Normalizado para Publicaciones Seriadas 1692-0945
856 ## - LOCALIZACIÓN Y ACCESO ELECTRÓNICOS
Identificador Uniforme del Recurso <a href="https://revistas.ucatolicaluisamigo.edu.co/index.php/poiesis/article/view/5011">https://revistas.ucatolicaluisamigo.edu.co/index.php/poiesis/article/view/5011</a>
856 ## - LOCALIZACIÓN Y ACCESO ELECTRÓNICOS
Identificador Uniforme del Recurso <a href="https://revistas.ucatolicaluisamigo.edu.co/index.php/poiesis/article/view/5011/4609">https://revistas.ucatolicaluisamigo.edu.co/index.php/poiesis/article/view/5011/4609</a>
902 ## - ELEMENTOS DE DATOS B LOCAL, LDB (RLIN)
Modificó Leonor Sotres/170925
942 ## - ELEMENTOS DE PUNTO DE ACCESO ADICIONAL (KOHA)
Tipo de ítem Koha Artículo Electrónico
Holdings
Estado de retiro Estado de pérdida Estado dañado No para préstamo Código de colección Localización permanente Ubicación/localización actual Ubicación en estantería Fecha de adquisición Total de préstamos Fecha visto por última vez Identificador Uniforme del Recurso Precio válido a partir de Tipo de ítem Koha
        Acceso abierto Bib. Gregorio Torres Quintero Bib. Gregorio Torres Quintero En línea 17/09/2025   17/09/2025 https://doi.org/10.21501/16920945.5011 17/09/2025 Artículo Electrónico